Sonatina for guitar
Guardat en:
| Autor principal: | |
|---|---|
| Format: | Partitura Llibre |
| Idioma: | anglès |
| Publicat: |
Ancona
Berben
2002
|
| Col·lecció: | The Andrés Segovia Archive
|
| Matèries: | |
| Etiquetes: |
Afegir etiqueta
Sense etiquetes, Sigues el primer a etiquetar aquest registre!
|
MARC
| LEADER | 00000ncm a2200000 a 4500 | ||
|---|---|---|---|
| 001 | UCI1330 | ||
| 003 | CL-VaPUC | ||
| 005 | 20220716074120.0 | ||
| 008 | 070629e20020000IT |||||||||||||||||eng|d | ||
| 999 | |c 326161 |d 326159 | ||
| 040 | |c Pontificia Universidad Católica de Valparaíso | ||
| 082 | 0 | 4 | |a Gt787.87 SCO 2002 |2 21 |
| 100 | 0 | |a Scott, Cyril |e author |9 521768 | |
| 245 | 1 | 0 | |a Sonatina for guitar |
| 260 | |a Ancona |b Berben |c 2002 | ||
| 300 | |a 23 p | ||
| 490 | 0 | |a The Andrés Segovia Archive | |
| 583 | |a last modification |c 20070629 00:00:00 |k Rodrigo Vera | ||
| 650 | 0 | |a Música para guitarra |9 362109 | |
| 942 | |c BK |2 ddc | ||
| 945 | |d 20070629 00:00:00 |a rbrito | ||
| 952 | |0 0 |1 0 |2 ddc |4 0 |6 GT_787_870000000000000_SCO_2002 |7 0 |8 F |9 407904 |a BIBEDU |b BIBEDU |d 2019-11-22 |i 4294742 |o Gt787.87 SCO 2002 |p 4294742 |r 2023-11-22 |w 2019-11-22 |y PA |k MUS | ||